| 000 | 00424nam a22001577a 4500 | ||
|---|---|---|---|
| 003 | OSt | ||
| 008 | 201125b ||||| |||| 00| 0 eng d | ||
| 082 | _a510 KUE | ||
| 100 | _aKumar, Kuldeep and Kumar, Rajesh | ||
| 245 | _aEngineering Mathematics-I Calculas and Linear Algebra | ||
| 250 | _a5th ed | ||
| 260 |
_aNew Delhi _bBharat Publication _c2018 |
||
| 300 | _aMISC 4.52 | ||
| 650 | _aMathematics | ||
| 942 |
_2ddc _cBB |
||
| 999 |
_c9323 _d9323 |
||